Normal view
MARC view
- Centro Promozione e Formazione
Entry Personal Name
001 - CONTROL NUMBER
- control field: 595
003 - CONTROL NUMBER IDENTIFIER
- control field: IT-RoPau
005 - DATE AND TIME OF LATEST TRANSACTION
- control field: 20130523105838.0
008 - FIXED-LENGTH DATA ELEMENTS
- fixed length control field: 130523|| aca||aabn | a|a d
040 ## - CATALOGING SOURCE
- Original cataloging agency: IT-RoPau
- Transcribing agency: IT-RoPau
100 ## - HEADING--PERSONAL NAME
- Personal name: Centro Promozione e Formazione
670 ## - SOURCE DATA FOUND
- Source citation: Work cat.: (IT-RoPau): Centro Promozione e Formazione, "Al centro sta Gesù Cristo Via, Verità e Vita", s.d.